000 01698cam a22004334i 4500
003 PE-LiUPU
005 20250731183441.0
008 150706s2008 r 000 0 d
020 _a9788420684123
035 _a(Sirsi) i9788420684123
040 _aPE-LiUPU
_bspa
_cPE-LiUPU
_erda
049 _aPRUA
082 0 4 _a711.4
_bS21
_221
100 1 _aSánchez de Madariaga,
_eautor.
245 1 0 _aEsquinas inteligentes :
_bla ciudad y el urbanismo moderno /
_cInés Sánchez de Madariaga.
264 1 _aMadrid :
_bAlianza Editorial,
_c2008.
300 _a219 páginas :
_bilustraciones ;
_c23 cm.
336 _atext
_2rdacontent
337 _aunmediated
_2rdamedia
338 _avolume
_2rdacarrier
490 0 _aAlianza forma ;
_v157
504 _aIncluye bibliografía comentada.
505 0 _aGenealogía del urbanismo actual -- Forma y desarrollo urbano. Dos ejemplos -- La práctica del urbanismo -- Pensar el urbanismo.
526 _aP158
526 _aP146
526 _aP17
526 _aP12
526 _aP06
541 _g015-0015392;
650 0 4 _aUrbanismo.
_93430
650 0 4 _aUso del suelo
_xPlaneación.
650 0 4 _aArquitectura.
_94555
910 _clch
_d20130818
942 _2ddc
_cBOOK
949 _a711.4 S21
_wDEWEY
_c1
_i67574
_lCCODEBUL1
_mBUL
_p45.00
_r0
_sY
_tBOOK
_u2015-7-6
_xINGENIERIA
_PP06
_o.STAFF. Colección General
994 _aC0
_bPEPRU
596 _a1
999 _a711.4 S21
_wDEWEY
_c55202
_i67574
_d55202
_e2016-8-22
_f2021-11-9
_g6
_lCCODEBUL1
_mBUL
_n3
_p45.00
_r0
_sY
_tBOOK
_u2015-7-6
_xINGENIERIA
_PP06
_0COMPRA
_o.STAFF. Colección Ingenieria y Arquitectura
980 _81
_gALBERTO SANCHEZ Responsable de Automatización